| 000 | 00501cam a22001457a 4500 | ||
|---|---|---|---|
| 008 | 180718b1998 xxu||||| |||| 00| 0 eng d | ||
| 082 | _aAPPPA 97-98 GUP/8 | ||
| 100 | _aGupta, V.L. | ||
| 245 |
_aRelevance of human rights in democratic system (with specific reference to armed forces) _cby V.L. Gupta |
||
| 260 |
_aNew Delhi _bIndian Institute of Public Administration _c1998 |
||
| 300 | _av.p. | ||
| 500 | _aAn APPPA M.Phil. dissertation, 1997-98 | ||
| 650 | _aAPPPA | ||
| 650 | _aHuman rights - India | ||
| 999 |
_c485652 _d485652 |
||